| Tag |
First Indicator |
Second Indicator |
Subfields |
| LEADER |
00000cam a2200000 a 4500 |
| 001 |
in00001069111 |
| 005 |
20150929103258.0 |
| 008 |
920324s1976 dcu d f000 0 eng d |
| 010 |
|
|
|a (DG92065417
|
| 035 |
|
|
|a (OCoLC)25517567
|
| 035 |
|
|
|9 AFP6026AM
|
| 037 |
|
|
|a GAZGNSPACIFI
|b DMA
|
| 040 |
|
|
|a GPO
|c GPO
|d DLC
|d UtOrBLW
|
| 043 |
|
|
|a ps-----
|
| 074 |
|
|
|a 617 (MF)
|
| 086 |
0 |
|
|a D 5.319:So 8 p
|
| 245 |
0 |
0 |
|a South Pacific Islands :
|b official standard names approved by the U.S. Board on Geographic Names /
|c prepared in the Office of Geography, Department of the Interior.
|
| 264 |
|
1 |
|a [Washington, D.C.?] :
|b [Defense Mapping Agency],
|c [1976]
|
| 300 |
|
|
|a iii, 68 pages ;
|c 21 x 27 cm.
|
| 336 |
|
|
|a text
|b txt
|2 rdacontent
|
| 337 |
|
|
|a unmediated
|b n
|2 rdamedia
|
| 338 |
|
|
|a volume
|b nc
|2 rdacarrier
|
| 500 |
|
|
|a Distributed to depository libraries in microfiche.
|
| 500 |
|
|
|a "July 1957."
|
| 651 |
|
0 |
|a Islands of the Pacific
|x Gazetteers.
|
| 651 |
|
0 |
|a Oceania
|x Gazetteers.
|
| 650 |
|
0 |
|a Names, Geographical
|z Islands of the Pacific.
|
| 650 |
|
0 |
|a Names, Geographical
|z Oceania.
|
| 710 |
2 |
|
|a United States Board on Geographic Names.
|
| 710 |
1 |
|
|a United States.
|b Office of Geography.
|
| 710 |
1 |
|
|a United States.
|b Defense Mapping Agency.
|
| 999 |
|
|
|a MARS
|
| 999 |
f |
f |
|s 3d6393ff-3035-3f4d-aaaa-33b02edf4d54
|i 26b24d33-0ef0-397c-93d3-f6b5b40007b9
|t 0
|
| 952 |
f |
f |
|p noncirc
|a Texas A&M University
|b College Station
|c Sterling C. Evans Library
|d Evans: Maps Fiche (2nd floor)
|t 0
|e D 5.319: So 8 p
|h Superintendent of Documents classification
|i unmediated -- volume
|m A14824682009
|
| 998 |
f |
f |
|a D 5.319: So 8 p
|t 0
|l Evans: Maps Fiche (2nd floor)
|